[Event "Montevideo Trebejos 50 Anniv op"]
[Site "Montevideo"]
[Date "2022.09.25"]
[Round "9"]
[White "Benitez, Andres"]
[Black "Ibanez Iglesias, Juan Rodrigo"]
[Result "0-1"]
[WhiteElo "1974"]
[BlackElo "2147"]
[PlyCount "60"]
[EventDate "2022.09.17"]
[EventType "swiss"]
[EventRounds "9"]
[EventCountry "URU"]
[SourceTitle "EXT 2023"]
[Source "ChessBase"]
[SourceDate "2022.10.05"]
[SourceVersion "1"]
[SourceVersionDate "2022.10.05"]
[SourceQuality "1"]

1. e4 e5 2. Nf3 d6 3. d4 exd4 4. Nxd4 Nf6 5. Nc3 Be7 6. Bf4 0-0 7. Qd2 c6 8. 0-0-0 b5 9. f3 b4 10. Na4 d5 11. Bxb8 Rxb8 12. Nxc6 Qd7 13. Nxe7+ Qxe7 14. exd5 Bd7 15. b3 Bxa4 16. bxa4 Rfc8 17. Bb5 Rc3 18. d6 Qe6 19. Kb1 Ra3 20. Qxb4 Qxa2+ 21. Kc1 a6 22. d7 Nxd7 23. Rxd7 axb5 24. Rhd1 Qa1+ 25. Kd2 Qa2 26. axb5 Re8 27. Qe7 Raa8 28. Qb4 Qe6 29. Rd3 Qe2+ 30. Kc3 Rac8+ 0-1

[Event "Montevideo Trebejos 50 Anniv op"]
[Site "Montevideo"]
[Date "2022.09.23"]
[Round "7"]
[White "Ibanez Iglesias, Juan Rodrigo"]
[Black "Elena, Eduardo"]
[Result "1-0"]
[WhiteElo "2147"]
[BlackElo "1879"]
[PlyCount "75"]
[EventDate "2022.09.17"]
[EventType "swiss"]
[EventRounds "9"]
[EventCountry "URU"]
[SourceTitle "EXT 2023"]
[Source "ChessBase"]
[SourceDate "2022.10.05"]
[SourceVersion "1"]
[SourceVersionDate "2022.10.05"]
[SourceQuality "1"]

1. e4 c5 2. Nf3 Nc6 3. d4 cxd4 4. Nxd4 Nf6 5. Nc3 d6 6. Bg5 a6 7. Qd2 e6 8. 0-0-0 Be7 9. f4 Bd7 10. Be2 Qc7 11. Rhe1 0-0-0 12. Nb3 h6 13. Bh4 g5 14. Bg3 Be8 15. Kb1 Nd7 16. f5 Nde5 17. Rf1 Rd7 18. Nd4 Nxd4 19. Qxd4 Rg8 20. Bh5 b5 21. a4 Nc6 22. Qd3 Nb4 23. Qe3 bxa4 24. Rd4 Qa5 25. Be1 Qc5 26. Be2 Kb8 27. Qd2 d5 28. Nxa4 Qa5 29. Rxb4+ Bxb4 30. Qxb4+ Qxb4 31. Bxb4 dxe4 32. Nc5 exf5 33. Rxf5 Rd8 34. Nxa6+ Kc8 35. Rc5+ Kb7 36. Rc7+ Kb6 37. Bc5+ Ka5 38. Ra7 1-0

[Event "Montevideo Trebejos 50 Anniv op"]
[Site "Montevideo"]
[Date "2022.09.18"]
[Round "2"]
[White "Avedisian, Alexander"]
[Black "Ibanez Iglesias, Juan Rodrigo"]
[Result "0-1"]
[WhiteElo "1835"]
[BlackElo "2147"]
[PlyCount "68"]
[EventDate "2022.09.17"]
[EventType "swiss"]
[EventRounds "9"]
[EventCountry "URU"]
[SourceTitle "EXT 2023"]
[Source "ChessBase"]
[SourceDate "2022.10.05"]
[SourceVersion "1"]
[SourceVersionDate "2022.10.05"]
[SourceQuality "1"]

1. Nf3 d5 2. g3 c5 3. Bg2 Nc6 4. 0-0 Nf6 5. d3 g6 6. Nbd2 Bg7 7. e4 e5 8. c3 0-0 9. exd5 Nxd5 10. Re1 Re8 11. Qb3 Na5 12. Qa3 b6 13. Nc4 Nxc4 14. dxc4 Nc7 15. Bg5 f6 16. Rad1 Qe7 17. Rxe5 Be6 18. Rxe6 Nxe6 19. Be3 f5 20. b4 Rad8 21. Re1 Qc7 22. bxc5 Nxc5 23. Nd4 Ne4 24. Qb3 Kh8 25. Bxe4 Rxe4 26. c5 bxc5 27. Ne6 c4 28. Nxc7 cxb3 29. axb3 Bxc3 30. Rc1 Bd4 31. Bxd4+ Rexd4 32. Nb5 Rd1+ 33. Rxd1 Rxd1+ 34. Kg2 Rd7 0-1

[Event "URU-chT Clubs"]
[Site "Punta del Este"]
[Date "2021.10.30"]
[Round "3.3"]
[White "Carvalho, Guillermo"]
[Black "Ibanez Iglesias, Juan Rodrigo"]
[Result "1/2-1/2"]
[WhiteElo "2177"]
[BlackElo "2102"]
[PlyCount "37"]
[EventDate "2021.10.29"]
[EventType "team-swiss"]
[EventRounds "5"]
[EventCountry "URU"]
[SourceTitle "CBM 205 Extra"]
[Source "ChessBase"]
[SourceDate "2022.01.31"]
[SourceVersion "1"]
[SourceVersionDate "2022.01.31"]
[SourceQuality "1"]
[WhiteTeam "Montevideo Trebejos"]
[BlackTeam "Montevideo Piratas del Tablero II"]
[WhiteTeamCountry "URU"]
[BlackTeamCountry "URU"]

1. c4 c5 2. Nc3 Nc6 3. g3 g6 4. Bg2 Bg7 5. e4 e5 6. Nge2 Nge7 7. d3 0-0 8. 0-0 d6 9. Be3 Nd4 10. Qd2 f5 11. f4 Be6 12. fxe5 dxe5 13. Nd5 Qd6 14. Nxd4 cxd4 15. Bg5 Nxd5 16. cxd5 Bd7 17. Rac1 fxe4 18. Rxf8+ Rxf8 19. dxe4 1/2-1/2

[Event "Montevideo Trebejos op 10"]
[Site "Montevideo"]
[Date "2021.10.25"]
[Round "4"]
[White "Ibanez Iglesias, Juan Rodrigo"]
[Black "Vazquez, Facundo"]
[Result "1-0"]
[WhiteElo "2102"]
[BlackElo "2153"]
[PlyCount "59"]
[EventDate "2021.10.15"]
[EventType "swiss"]
[EventRounds "6"]
[EventCountry "URU"]
[SourceTitle "EXT 2023"]
[Source "ChessBase"]
[SourceDate "2022.10.05"]
[SourceVersion "1"]
[SourceVersionDate "2022.10.05"]
[SourceQuality "1"]

1. d4 Nf6 2. c4 e6 3. Nc3 d5 4. Bg5 Be7 5. e3 Nbd7 6. cxd5 exd5 7. Bd3 c6 8. h3 Ne4 9. Bf4 Ndf6 10. Qc2 Nd6 11. Nge2 g6 12. f3 Nh5 13. Be5 0-0 14. 0-0-0 b5 15. g4 Ng7 16. h4 Nc4 17. Bxc4 bxc4 18. h5 Bd6 19. Nf4 Bxe5 20. dxe5 Qb6 21. Nfxd5 cxd5 22. Nxd5 Qc5 23. Nf6+ Kh8 24. hxg6 Qxe3+ 25. Kb1 h6 26. gxf7 Nf5 27. gxf5 Qf4 28. Rd4 Qxe5 29. Rxh6+ Kg7 30. Qg2+ 1-0

[Event "Montevideo Trebejos op 10"]
[Site "Montevideo"]
[Date "2021.10.22"]
[Round "3"]
[White "Ibanez Iglesias, Juan Rodrigo"]
[Black "Caitano, Martin Joel"]
[Result "1-0"]
[WhiteElo "2102"]
[BlackElo "2102"]
[PlyCount "87"]
[EventDate "2021.10.15"]
[EventType "swiss"]
[EventRounds "6"]
[EventCountry "URU"]
[SourceTitle "EXT 2023"]
[Source "ChessBase"]
[SourceDate "2022.10.05"]
[SourceVersion "1"]
[SourceVersionDate "2022.10.05"]
[SourceQuality "1"]

1. e4 g6 2. d4 Bg7 3. Nf3 d6 4. Nc3 Nd7 5. Bc4 e5 6. dxe5 Nxe5 7. Nxe5 Bxe5 8. f4 Bxc3+ 9. bxc3 Be6 10. Bd3 Ne7 11. c4 f5 12. Bb2 Rf8 13. e5 dxe5 14. Bxe5 Nc6 15. Bc3 Qd6 16. 0-0 0-0-0 17. Kh1 Qc5 18. Qe2 Rfe8 19. Qf2 Qxf2 20. Rxf2 Nd4 21. a4 c5 22. h3 Rd6 23. Re1 Bd7 24. Rxe8+ Bxe8 25. a5 Bc6 26. Rf1 Re6 27. Kh2 Be4 28. Bxd4 Bxd3 29. cxd3 cxd4 30. g4 Re2+ 31. Kg3 Re3+ 32. Rf3 Rxf3+ 33. Kxf3 Kc7 34. Kg3 b6 35. a6 b5 36. cxb5 Kb6 37. Kh4 Kxb5 38. Kg5 Kxa6 39. gxf5 gxf5 40. Kxf5 Kb5 41. Ke5 Kc6 42. Kxd4 Kd6 43. Kc4 Ke6 44. d4 1-0

[Event "URU-chT Regional"]
[Site "Punta del Este"]
[Date "2020.11.02"]
[Round "5.3"]
[White "Ibanez Iglesias, Juan Rodrigo"]
[Black "Dominguez Orono, Walter"]
[Result "1/2-1/2"]
[WhiteElo "2107"]
[BlackElo "1668"]
[PlyCount "27"]
[EventDate "2020.10.31"]
[EventType "team-swiss"]
[EventRounds "5"]
[EventCountry "URU"]
[SourceTitle "CBM 199 Extra"]
[Source "ChessBase"]
[SourceDate "2021.01.31"]
[SourceVersion "1"]
[SourceVersionDate "2021.01.31"]
[SourceQuality "1"]
[WhiteTeam "Montevideo Piratas"]
[BlackTeam "Montevideo Piratas II"]
[WhiteTeamCountry "URU"]
[BlackTeamCountry "URU"]

1. e4 c5 2. Nc3 g6 3. g3 Bg7 4. Bg2 d6 5. Nge2 Nf6 6. 0-0 0-0 7. d4 cxd4 8. Nxd4 Nc6 9. h3 Bd7 10. Be3 a6 11. a4 Rc8 12. Nb3 Ne5 13. Nd2 Nc4 14. Nxc4 1/2-1/2

[Event "URU-chT Regional"]
[Site "Punta del Este"]
[Date "2020.11.01"]
[Round "4.3"]
[White "Chamlian, Aram"]
[Black "Ibanez Iglesias, Juan Rodrigo"]
[Result "0-1"]
[WhiteElo "1710"]
[BlackElo "2107"]
[PlyCount "78"]
[EventDate "2020.10.31"]
[EventType "team-swiss"]
[EventRounds "5"]
[EventCountry "URU"]
[SourceTitle "CBM 199 Extra"]
[Source "ChessBase"]
[SourceDate "2021.01.31"]
[SourceVersion "1"]
[SourceVersionDate "2021.01.31"]
[SourceQuality "1"]
[WhiteTeam "Montevideo CBR"]
[BlackTeam "Montevideo Piratas"]
[WhiteTeamCountry "URU"]
[BlackTeamCountry "URU"]

1. e4 d6 2. d3 g6 3. g3 Bg7 4. Bg2 e5 5. Nf3 Ne7 6. Bg5 h6 7. Bd2 0-0 8. 0-0 c5 9. Nc3 Nbc6 10. Ne2 b5 11. c3 a5 12. h3 Ba6 13. Nh2 f5 14. exf5 gxf5 15. f4 c4 16. d4 exd4 17. Nxd4 Nxd4 18. Bxa8 Qxa8 19. Be3 Ne6 20. Qxd6 Kf7 21. Bb6 Bb7 22. Rfe1 Be4 23. Rad1 Re8 24. Qd7 Qc6 25. Bxa5 Nc5 26. Qxc6 Nxc6 27. Bb6 Nd3 28. Re2 Rb8 29. Be3 b4 30. g4 bxc3 31. bxc3 Ne7 32. gxf5 Nxf5 33. Ba7 Re8 34. Bd4 Nxf4 35. Rxe4 Rxe4 36. Bxg7 Kxg7 37. a4 Re2 38. Ng4 Nxh3+ 39. Kf1 Ng3# 0-1

[Event "Montevideo Contra el Bicho op"]
[Site "Montevideo"]
[Date "2020.09.14"]
[Round "6"]
[White "Durante, Aurelio"]
[Black "Ibanez Iglesias, Juan Rodrigo"]
[Result "0-1"]
[WhiteElo "1946"]
[BlackElo "2107"]
[PlyCount "94"]
[EventDate "2020.08.28"]
[EventType "swiss"]
[EventRounds "6"]
[EventCountry "URU"]
[SourceTitle "EXT 2021"]
[Source "ChessBase"]
[SourceDate "2020.10.23"]
[SourceVersion "1"]
[SourceVersionDate "2020.10.23"]
[SourceQuality "1"]

1. e4 e5 2. f4 d5 3. exd5 exf4 4. Nf3 Nf6 5. Bc4 Bd6 6. 0-0 0-0 7. Nc3 a6 8. a4 Bg4 9. d4 Re8 10. Ne2 Nbd7 11. a5 b5 12. Bb3 Qe7 13. Nxf4 Qe4 14. Qd2 Nf8 15. c3 Ng6 16. Nxg6 Qxg6 17. Qg5 Bxf3 18. Qxg6 hxg6 19. Rxf3 Re1+ 20. Rf1 Bxh2+ 21. Kf2 Bg3+ 22. Kg1 Rxf1+ 23. Kxf1 Re8 24. Bd2 Ne4 25. Be1 Bxe1 26. Kxe1 Nxc3+ 27. Kd2 Ne4+ 28. Kd3 g5 29. Rc1 Nf2+ 30. Kd2 Ne4+ 31. Kd3 Nf2+ 32. Kd2 Ne4+ 33. Kc2 g4 34. Kb1 Nd2+ 35. Ka2 Rd8 36. Rxc7 f5 37. d6+ Nxb3 38. Kxb3 Rxd6 39. Kc3 f4 40. Kd3 Re6 41. d5 Re1 42. Rc6 g3 43. Rc2 Kf7 44. Kd4 g5 45. d6 Ke6 46. Kc5 Kd7 47. Kb6 g4 0-1

[Event "Montevideo Contra el Bicho op"]
[Site "Montevideo"]
[Date "2020.09.11"]
[Round "5"]
[White "Ibanez Iglesias, Juan Rodrigo"]
[Black "Kulik, Nicolas"]
[Result "1-0"]
[WhiteElo "2107"]
[BlackElo "1586"]
[PlyCount "105"]
[EventDate "2020.08.28"]
[EventType "swiss"]
[EventRounds "6"]
[EventCountry "URU"]
[SourceTitle "EXT 2021"]
[Source "ChessBase"]
[SourceDate "2020.10.23"]
[SourceVersion "1"]
[SourceVersionDate "2020.10.23"]
[SourceQuality "1"]

1. d4 d5 2. Bf4 Nf6 3. e3 e6 4. Nf3 c5 5. c3 Qb6 6. Qb3 c4 7. Qxb6 axb6 8. Nbd2 Nc6 9. Ne5 Nxe5 10. Bxe5 Nd7 11. Bg3 b5 12. e4 b4 13. exd5 exd5 14. Be2 b3 15. Bf3 Nf6 16. a3 Bf5 17. 0-0 Kd7 18. Be5 Ne4 19. Bxe4 Bxe4 20. Nxe4 dxe4 21. Rae1 f6 22. Bf4 g5 23. Bc1 Re8 24. f3 exf3 25. Rxe8 Kxe8 26. Rxf3 Be7 27. Rf5 Kd7 28. Kf2 Re8 29. h4 h6 30. Be3 Kc6 31. Ke2 Rg8 32. h5 Rd8 33. Kf3 Rd5 34. Ke4 Rxf5 35. Kxf5 Bxa3 36. Bc1 Be7 37. Ke6 Bd8 38. d5+ Kc7 39. Be3 b5 40. Bc5 Kc8 41. d6 Ba5 42. Bd4 Bd8 43. g4 Kb7 44. Kd7 Ba5 45. Ke8 b4 46. cxb4 Bxb4 47. d7 Ba5 48. d8Q Bxd8 49. Kxd8 Kc6 50. Ke7 f5 51. gxf5 g4 52. f6 c3 53. Bxc3 1-0

[Event "URU-ch sf"]
[Site "Montevideo"]
[Date "2019.03.03"]
[Round "4"]
[White "Ibanez Iglesias, Juan Rodrigo"]
[Black "Soto, Nicolas"]
[Result "1-0"]
[WhiteElo "2115"]
[BlackElo "1997"]
[PlyCount "77"]
[EventDate "2019.03.01"]
[EventType "swiss"]
[EventRounds "8"]
[EventCountry "URU"]
[SourceTitle "CBM 189 Extra"]
[Source "ChessBase"]
[SourceDate "2019.05.31"]
[SourceVersion "1"]
[SourceVersionDate "2019.05.31"]
[SourceQuality "1"]

1. e4 e6 2. d4 d5 3. e5 c5 4. c3 Nc6 5. Nf3 Qb6 6. a3 c4 7. Be2 Na5 8. Nbd2 Bd7 9. 0-0 Ne7 10. Qe1 Ba4 11. Bd1 Nb3 12. Nxb3 Bxb3 13. Bxb3 Qxb3 14. Bg5 Nc6 15. Rb1 Na5 16. Qc1 Qa4 17. Nd2 Nb3 18. Qd1 Rc8 19. f4 h6 20. Bh4 g6 21. g4 Be7 22. Bxe7 Kxe7 23. f5 gxf5 24. gxf5 Rcg8+ 25. Kh1 Rg5 26. fxe6 fxe6 27. Nf3 Rg7 28. Nh4 Qe8 29. Rf6 h5 30. Qf3 Kd7 31. Nf5 Rgh7 32. Nd6 Qe7 33. Rd1 Na5 34. Rf1 a6 35. Qh3 b5 36. Rf7 Rxf7 37. Rxf7 Qxf7 38. Nxf7 Rh7 39. Nd6 1-0

[Event "URU-ch sf"]
[Site "Montevideo"]
[Date "2019.03.02"]
[Round "3"]
[White "Lopez Azambuja, Nicolas"]
[Black "Ibanez Iglesias, Juan Rodrigo"]
[Result "1-0"]
[WhiteElo "2335"]
[BlackElo "2115"]
[PlyCount "83"]
[EventDate "2019.03.01"]
[EventType "swiss"]
[EventRounds "8"]
[EventCountry "URU"]
[SourceTitle "CBM 189 Extra"]
[Source "ChessBase"]
[SourceDate "2019.05.31"]
[SourceVersion "1"]
[SourceVersionDate "2019.05.31"]
[SourceQuality "1"]

1. d4 Nf6 2. c4 g6 3. Nc3 Bg7 4. e4 d6 5. Nf3 0-0 6. Be2 e5 7. Be3 Nbd7 8. 0-0 a5 9. Re1 c6 10. d5 c5 11. Bg5 h6 12. Bd2 Ne8 13. g3 Ndf6 14. Nh4 a4 15. b3 axb3 16. axb3 Bd7 17. Qb1 Nc7 18. Ng2 Rxa1 19. Qxa1 Qb8 20. Rb1 Na6 21. Qa5 Ne8 22. Ne1 f5 23. f3 g5 24. Nd3 Nf6 25. Nf2 Nb4 26. Rc1 b6 27. Qa1 Qb7 28. Qb1 f4 29. Na2 Nxa2 30. Qxa2 fxg3 31. hxg3 b5 32. b4 cxb4 33. Bxb4 Nh5 34. Bxd6 Ra8 35. Qb2 Nxg3 36. c5 Qa6 37. c6 Nxe2+ 38. Qxe2 Bc8 39. Bb4 Qa4 40. Qb2 Ra7 41. d6 Qa6 42. Qd2 1-0

[Event "URU-chT Provinces"]
[Site "Montevideo"]
[Date "2017.08.27"]
[Round "5.1"]
[White "Ibanez Iglesias, Juan Rodrigo"]
[Black "Saralegui Cassan, Mario"]
[Result "1/2-1/2"]
[WhiteElo "2135"]
[BlackElo "2077"]
[PlyCount "41"]
[EventDate "2017.08.25"]
[EventType "team-swiss"]
[EventRounds "5"]
[EventCountry "URU"]
[SourceTitle "EXT 2019"]
[Source "ChessBase"]
[SourceDate "2018.10.10"]
[SourceVersion "1"]
[SourceVersionDate "2018.10.10"]
[SourceQuality "1"]
[WhiteTeam "Montevideo Trebejos"]
[BlackTeam "Canelones"]
[WhiteTeamCountry "URU"]
[BlackTeamCountry "URU"]

1. e4 e5 2. Nf3 Nc6 3. Bb5 a6 4. Ba4 Nf6 5. d3 d6 6. c3 Be7 7. h3 0-0 8. 0-0 b5 9. Bb3 Bb7 10. Re1 Nb8 11. Nbd2 Nbd7 12. Nf1 c5 13. Ng3 Rc8 14. Bc2 Re8 15. Nf5 Bf8 16. c4 g6 17. Nh6+ Bxh6 18. Bxh6 Nf8 19. Ng5 Nh5 20. cxb5 axb5 21. Bb3 1/2-1/2

[Event "URU-ch sf"]
[Site "Montevideo"]
[Date "2017.02.28"]
[Round "8"]
[White "Izquierdo, Sebastian"]
[Black "Ibanez Iglesias, Juan Rodrigo"]
[Result "1-0"]
[WhiteElo "2009"]
[BlackElo "2157"]
[PlyCount "86"]
[EventDate "2017.02.24"]
[EventType "swiss"]
[EventRounds "8"]
[EventCountry "URU"]
[SourceTitle "CBM 177 Extra"]
[Source "ChessBase"]
[SourceDate "2017.04.27"]
[SourceVersion "1"]
[SourceVersionDate "2017.04.27"]
[SourceQuality "1"]

1. d4 Nf6 2. Nf3 e6 3. g3 c5 4. Bg2 Nc6 5. 0-0 d5 6. c4 dxc4 7. Qa4 Bd7 8. Qxc4 cxd4 9. Nxd4 Rc8 10. Nxc6 Bxc6 11. Bxc6+ Rxc6 12. Qb5 Qc8 13. Be3 a6 14. Qa4 b5 15. Qb3 h5 16. h3 e5 17. Kh2 h4 18. g4 e4 19. Rg1 Bd6+ 20. Kh1 Bb8 21. Nd2 Qc7 22. Nf1 Rc4 23. a4 b4 24. Bf4 Qxf4 25. Qxc4 0-0 26. Rg2 a5 27. Rd1 Qe5 28. b3 Nh7 29. Qd5 Qb2 30. Rd2 Qc3 31. e3 Nf6 32. Qc4 Rc8 33. Qa6 Qc7 34. Rd4 Nd7 35. Rc4 Nc5 36. Qb5 Ba7 37. Nd2 Rb8 38. Rxc5 Bxc5 39. Qc4 Qd6 40. Nxe4 Qd1+ 41. Kh2 Bf8 42. Ng5 Rb7 43. f4 Qd7 1-0

[Event "Montevideo Trebejos op 09"]
[Site "Montevideo"]
[Date "2016.10.13"]
[Round "7"]
[White "Ibanez Iglesias, Juan Rodrigo"]
[Black "Belistri, Ubaldo"]
[Result "1-0"]
[WhiteElo "2157"]
[BlackElo "1906"]
[PlyCount "99"]
[EventDate "2016.09.28"]
[EventType "swiss"]
[EventRounds "7"]
[EventCountry "URU"]
[SourceTitle "EXT 2018"]
[Source "ChessBase"]
[SourceDate "2017.10.13"]
[SourceVersion "1"]
[SourceVersionDate "2017.10.13"]
[SourceQuality "1"]

1. e4 e6 2. Nf3 c5 3. Nc3 Nc6 4. g3 d5 5. d3 Nf6 6. Bg5 Be7 7. Bg2 d4 8. Ne2 e5 9. 0-0 Bg4 10. Nd2 h6 11. Bxf6 Bxf6 12. f3 Be6 13. f4 Qe7 14. a4 0-0 15. a5 b5 16. axb6 axb6 17. f5 Bd7 18. Nc4 b5 19. Rxa8 Rxa8 20. Nb6 Ra6 21. Nd5 Qd8 22. g4 Nb4 23. Ng3 Bc6 24. Nxf6+ Qxf6 25. c3 dxc3 26. bxc3 Na2 27. Qe1 Qg5 28. Qf2 Ra3 29. Ra1 Nxc3 30. Rf1 Na4 31. f6 g6 32. Qe2 Rb3 33. Qe1 Rxd3 34. Qa5 Qe3+ 35. Kh1 Qd4 36. Qc7 Qd7 37. Qxe5 c4 38. Qf4 Kh7 39. Rg1 Rd1 40. Bf1 Nc5 41. h4 Qd4 42. Qc7 Bxe4+ 43. Kh2 Rd2+ 44. Bg2 Qd5 45. Nxe4 Nxe4 46. Qe7 c3 47. h5 Ng5 48. Kh1 Rd1 49. Bxd5 Rxd5 50. Qf8 1-0

[Event "Montevideo Trebejos op 09"]
[Site "Montevideo"]
[Date "2016.10.03"]
[Round "3"]
[White "Fernandez, Antonio Omar"]
[Black "Ibanez Iglesias, Juan Rodrigo"]
[Result "0-1"]
[WhiteElo "1799"]
[BlackElo "2157"]
[PlyCount "42"]
[EventDate "2016.09.28"]
[EventType "swiss"]
[EventRounds "7"]
[EventCountry "URU"]
[SourceTitle "EXT 2018"]
[Source "ChessBase"]
[SourceDate "2017.10.13"]
[SourceVersion "1"]
[SourceVersionDate "2017.10.13"]
[SourceQuality "1"]

1. e4 e5 2. Nf3 d6 3. Bc4 Be7 4. c3 Nf6 5. Ng5 0-0 6. Qb3 Qe8 7. 0-0 h6 8. Nxf7 Rxf7 9. f4 d5 10. exd5 Bd6 11. d3 exf4 12. Nd2 a6 13. a4 Nbd7 14. Qc2 Ne5 15. Bb3 f3 16. Nxf3 Nxf3+ 17. Rxf3 Qe1+ 18. Rf1 Bxh2+ 19. Kxh2 Ng4+ 20. Kh3 Rxf1 21. d6+ Kh8 0-1

[Event "URU-ch"]
[Site "Montevideo"]
[Date "2016.04.07"]
[Round "7"]
[White "Curi, Gabriel"]
[Black "Ibanez Iglesias, Juan Rodrigo"]
[Result "1/2-1/2"]
[WhiteElo "2250"]
[BlackElo "2166"]
[PlyCount "52"]
[EventDate "2016.04.01"]
[EventType "tourn"]
[EventRounds "9"]
[EventCountry "URU"]
[SourceTitle "CBM 171 Extra"]
[Source "ChessBase"]
[SourceDate "2016.04.26"]
[SourceVersion "1"]
[SourceVersionDate "2016.04.26"]
[SourceQuality "1"]

1. e4 e5 2. Nf3 Nc6 3. Bb5 a6 4. Ba4 Bc5 5. c3 b5 6. Bb3 Nf6 7. 0-0 0-0 8. d4 Bd6 9. dxe5 Nxe5 10. Nxe5 Bxe5 11. f4 Bd6 12. e5 Bc5+ 13. Kh1 Ne8 14. Qd5 Bb6 15. Qxa8 c6 16. a4 Qc7 17. a5 Bc5 18. Nd2 Bb7 19. Ne4 Bxa8 20. Nxc5 d6 21. exd6 Nxd6 22. Be3 Nf5 23. Bg1 Qd8 24. Bc2 Qd5 25. Rf3 Nh4 26. Be4 Qd2 1/2-1/2

[Event "URU-ch"]
[Site "Montevideo"]
[Date "2016.04.02"]
[Round "2"]
[White "Coppola, Claudio"]
[Black "Ibanez Iglesias, Juan Rodrigo"]
[Result "1-0"]
[WhiteElo "2188"]
[BlackElo "2166"]
[PlyCount "55"]
[EventDate "2016.04.01"]
[EventType "tourn"]
[EventRounds "9"]
[EventCountry "URU"]
[SourceTitle "CBM 171 Extra"]
[Source "ChessBase"]
[SourceDate "2016.04.26"]
[SourceVersion "1"]
[SourceVersionDate "2016.04.26"]
[SourceQuality "1"]

1. d4 d5 2. Nf3 Nf6 3. c4 c6 4. Qc2 g6 5. Bf4 Bg7 6. e3 0-0 7. Nc3 Na6 8. Be2 c5 9. 0-0 cxd4 10. Nxd4 dxc4 11. Bxc4 Ng4 12. Bxa6 bxa6 13. Nc6 Qd7 14. Nd5 e5 15. Rad1 Qb7 16. Bg3 Bd7 17. h3 Nf6 18. Nce7+ Kh8 19. Nc7 Bb5 20. Rfe1 Nh5 21. Nxa8 Qxe7 22. a4 Nxg3 23. fxg3 Rxa8 24. axb5 axb5 25. Qc6 Rb8 26. Rd7 Qb4 27. Rf1 f5 28. Rxg7 1-0

[Event "Montevideo Trebejos op 02"]
[Site "Montevideo"]
[Date "2016.03.07"]
[Round "6"]
[White "Benoit, Rodrigo"]
[Black "Ibanez Iglesias, Juan Rodrigo"]
[Result "0-1"]
[WhiteElo "2045"]
[BlackElo "2085"]
[PlyCount "78"]
[EventDate "2016.02.22"]
[EventType "swiss"]
[EventRounds "7"]
[EventCountry "URU"]
[SourceTitle "CBM 171 Extra"]
[Source "ChessBase"]
[SourceDate "2016.04.26"]
[SourceVersion "1"]
[SourceVersionDate "2016.04.26"]
[SourceQuality "1"]

1. e4 e5 2. Nf3 d6 3. d4 exd4 4. Nxd4 Nf6 5. f3 d5 6. e5 Nfd7 7. f4 Nb6 8. Bd3 c5 9. Nf3 c4 10. Be2 Bc5 11. c3 Nc6 12. b4 cxb3 13. axb3 Bf5 14. b4 Be7 15. Be3 Nc4 16. Bf2 0-0 17. 0-0 a6 18. Nbd2 b5 19. Nb3 Qc8 20. Nfd4 Be4 21. Bg4 Qb7 22. Bf5 Nxd4 23. Nxd4 Bd8 24. Qe2 Bb6 25. Bxe4 dxe4 26. Rfe1 f5 27. exf6 Rae8 28. fxg7 Rxf4 29. Be3 Rf7 30. Qa2 Rxg7 31. Qxa6 Qd7 32. Qa2 Kh8 33. Rad1 Reg8 34. g3 Rxg3+ 35. hxg3 Rxg3+ 36. Kf2 Qh3 37. Qa8+ Rg8 38. Qxe4 Qh2+ 39. Kf1 Nxe3+ 0-1

[Event "Montevideo Trebejos op 02"]
[Site "Montevideo"]
[Date "2016.03.02"]
[Round "4"]
[White "Belistri, Ubaldo"]
[Black "Ibanez Iglesias, Juan Rodrigo"]
[Result "0-1"]
[WhiteElo "1953"]
[BlackElo "2085"]
[PlyCount "70"]
[EventDate "2016.02.22"]
[EventType "swiss"]
[EventRounds "7"]
[EventCountry "URU"]
[SourceTitle "CBM 171 Extra"]
[Source "ChessBase"]
[SourceDate "2016.04.26"]
[SourceVersion "1"]
[SourceVersionDate "2016.04.26"]
[SourceQuality "1"]

1. d4 Nf6 2. c4 e6 3. g3 Bb4+ 4. Nd2 d5 5. Bg2 0-0 6. Ngf3 dxc4 7. 0-0 c3 8. bxc3 Bxc3 9. Rb1 Nc6 10. e3 e5 11. Nxe5 Nxe5 12. dxe5 Bxe5 13. Nc4 Bd6 14. Nxd6 cxd6 15. Ba3 Re8 16. Qxd6 Qxd6 17. Bxd6 Ne4 18. Rbd1 Nxd6 19. Rxd6 Rb8 20. Rc1 Be6 21. a3 b6 22. h4 Rbc8 23. Rcd1 g6 24. Bc6 Re7 25. Rd8+ Rxd8 26. Rxd8+ Kg7 27. Rd6 Kf6 28. f4 Rc7 29. e4 Ke7 30. e5 f6 31. Kf2 fxe5 32. fxe5 Rc8 33. Be4 Rc5 34. h5 Rxe5 35. hxg6 Kxd6 0-1

[Event "Montevideo Trebejos op 02"]
[Site "Montevideo"]
[Date "2016.02.24"]
[Round "2"]
[White "Vilarino, Leticia"]
[Black "Ibanez Iglesias, Juan Rodrigo"]
[Result "0-1"]
[WhiteElo "1855"]
[BlackElo "2085"]
[PlyCount "126"]
[EventDate "2016.02.22"]
[EventType "swiss"]
[EventRounds "7"]
[EventCountry "URU"]
[SourceTitle "CBM 171 Extra"]
[Source "ChessBase"]
[SourceDate "2016.04.26"]
[SourceVersion "1"]
[SourceVersionDate "2016.04.26"]
[SourceQuality "1"]

1. c4 e5 2. Nc3 Nf6 3. g3 d6 4. Bg2 Be7 5. Nf3 0-0 6. d4 Nbd7 7. 0-0 c6 8. b3 e4 9. Ne1 d5 10. f3 Bb4 11. Bb2 exf3 12. exf3 dxc4 13. bxc4 Nb6 14. Qd3 Be6 15. d5 cxd5 16. Nxd5 Nfxd5 17. cxd5 Qxd5 18. Qxd5 Bxd5 19. Nd3 Bd6 20. Rfe1 Rfe8 21. f4 f6 22. Bd4 Bxg2 23. Kxg2 Nd5 24. Nf2 Bb4 25. Rxe8+ Rxe8 26. a3 Bf8 27. Kf3 b6 28. a4 Nb4 29. Rc1 Rd8 30. Rc4 Nd5 31. Ne4 Kf7 32. h4 h5 33. g4 hxg4+ 34. Kxg4 Re8 35. Kf3 Rd8 36. h5 Rd7 37. Kg4 Ne7 38. Kf3 Nf5 39. Bf2 Be7 40. Kg4 Nh6+ 41. Kf3 Rd3+ 42. Ke2 Ra3 43. Bd4 Nf5 44. Bf2 Ke6 45. Nc3 Bd6 46. Re4+ Kd7 47. Nb5 Ra2+ 48. Kf3 a6 49. Nxd6 Nxd6 50. Rb4 b5 51. axb5 Nxb5 52. Bb6 Kc6 53. Bd8 Rd2 54. Rc4+ Kd7 55. Ba5 Rd4 56. Rc2 Ra4 57. Bb6 Ke6 58. Re2+ Kf5 59. Be3 Rxf4+ 60. Kg3 Nc3 61. Re1 Ne4+ 62. Kh3 Rf3+ 63. Kh4 Ng5 0-1